000 00459cam a22001934a 4500
005 20250605164325.0
008 250528s ||||||||||||||||||||||||d
035 _a23007
020 _a9781840140354
040 _aGR-AtMCL
_bgre
_dGR-AtMCL
_eAACR2
245 1 _aTHE ECONOMICS OF EUROPEAN INTEGRATION
250 _a3
260 _bAshgate,
_c1997
300 _a570
700 1 _aMolle Willem
_98595
942 _cBK
999 _c8048
_d8048